000
00262nam a22001097a 4500
082
_a
629.1 AIR'U
100
_a
U. S. DEPARTMENT
_9
74087
245
_a
AIRFRAM AND POWERPLANT MECHANICS GENERAL HANDBOOK
260
_a
USA
_b
AVP
_c
1970
300
_a
549P
942
_c
BK
999
_c
579663
_d
579663